The Tourism Hospitality and Events Students Guide to Study and Employability (Record no. 43398)

MARC details
000 -LEADER
fixed length control field 00555nam a22001697a 4500
005 - DATE AND TIME OF LATEST TRANSACTION
control field 20250326101813.0
008 - FIXED-LENGTH DATA ELEMENTS--GENERAL INFORMATION
fixed length control field 250326b |||||||| |||| 00| 0 eng d
020 ## - INTERNATIONAL STANDARD BOOK NUMBER
International Standard Book Number 9781526436467
041 ## - LANGUAGE CODE
Language code of text/sound track or separate title Eng.
082 ## - DEWEY DECIMAL CLASSIFICATION NUMBER
Classification number 338.4791 EVE
100 ## - MAIN ENTRY--PERSONAL NAME
Author Everett, Sally
245 ## - TITLE STATEMENT
Title The Tourism Hospitality and Events Students Guide to Study and Employability
260 ## - PUBLICATION, DISTRIBUTION, ETC.
Place London
Publisher Sage Publication
Publication Year 2021
300 ## - PHYSICAL DESCRIPTION
Extent 582;. P. 24 cm
650 ## - SUBJECT ADDED ENTRY--TOPICAL TERM
Subject Tourism Hospitality and Event Management; Professional Education; Service Industries; Social Science
942 ## - ADDED ENTRY ELEMENTS (KOHA)
Koha item type Books
Holdings
Withdrawn status Lost status Source of classification or shelving scheme Damaged status Not for loan Home library Current library Shelving location Accession Date Vendor Price Bill number Full call number Barcode No Date last seen Discount Bill Date Koha item type Suggested By
    Dewey Decimal Classification     IMTN IMTN Rack 11-B 03/19/2025 Raghav Books Private Limited 4562.19 2374 338.4791 EVE 33689 03/26/2025 33 02/14/2025 Books Dr. Senthil Kumar
Designed & Maintained by: LRC IMT Nagpur Contact: lrc@imtnag.ac.in© 2024. All Rights Reserved.